000
00307nam a22001337a 4500
008
171127b xxu||||| |||| 00| 0 eng d
020
_a
9780324376258
041
_a
eng
080
_a
311
100
_a
55
101
_a
STA
245
_a
STATISTICS FOR MANAGEMENT AND ECONOMICS
_c
KELLER,G
942
_2
udc
_c
BK
999
_c
38580
_d
38580